Szczegóły MARC21

MMA : mieszane sztuki walki : trening i technika /

003 -Nazwa inst., której nr kontr. jest w polu 001 [,]
    • @
    • Nazwa instytucji, której n kontrolny jest w polu 001
    • NUKAT
005 -DATA I CZAS OSTATNIEJ MODYFIKACJI [,]
    • @
    • pole kontrolne
    • 20241231085643.0
020 -Międzynarod. znormalizowany nr książki - ISBN [ , ]
    • a
    • Numer ISBN
    • 9788377737040 Find
040 -Instytucja sporządzająca opis [ , ]
    • a
    • Instytucja, która sporządziła opis (NP)
    • SZCZ M/AB
    • c
    • Instytucja, która sporządziła rekord (NP)
    • SZCZ M/AB
    • d
    • Instytucja, która zmodyfikowała rekord (P)
    • KR 122/AKs
    • d
    • Instytucja, która zmodyfikowała rekord (P)
    • WA M/LA
    • d
    • Instytucja, która zmodyfikowała rekord (P)
    • KR U/JAKs
041 -Język dokumentu [1, ]
    • a
    • Język tekstu (P)
    • polski
    • h
    • Język tekstu oryginalnego i/lub pośredniego (P)
    • angielski
942 -Rodzaj dokumentu [ , ]
    • c
    • Rodzaj dokumentu
    • Książka
100 -Hasło główne - nazwa osobowa [1, ]
    • a
    • Nazwa osobowa (NP)
    • Plyler, Danny.
    • 9
    • KHW
    • 457342
245 -Strefa tytułu i oznaczenia odpowiedzialności [1,0]
    • a
    • Tytuł
    • MMA : Find
    • b
    • Ciąg dalszy tytułu (NP)
    • mieszane sztuki walki : trening i technika / Find
    • c
    • Pozostałe elementy strefy tytułu i oznaczenia odpowiedzialności (NP)
    • Danny Plyler, Chad Seibert ; [tłumaczenie Katarzyna Skawran ; wstęp Jacek Łosak].
246 -Wariant tytułu [1, ]
    • i
    • Tekst wyświetlany na ekranie monitora (NP)
    • Tyt. oryg.:
    • a
    • Tytuł (NP)
    • Ultimate Mixed Martial Arts training guide
260 -Strefa adresu wydawniczego [ , ]
    • a
    • Miejsce wydania (P)
    • Warszawa :
    • b
    • Nazwa wydawcy (P)
    • Wydawnictwo RM,
    • c
    • Data wydania (P)
    • cop. 2017.
300 -Strefa opisu fizycznego [ , ]
    • a
    • Określenie formy książki i/lub objętość (NP)
    • 295 s. :
    • b
    • Oznaczenie ilustracji (NP)
    • il. ;
    • c
    • Format (NP)
    • 24 cm.
336 -Typ zawartości [ , ]
    • a
    • Termin opisujący typ zawartości
    • Tekst
    • b
    • Kod określający zawartość
    • txt
    • 2
    • Źródło (terminu i kodu)
    • rdacontent
337 -Typ mediów [ , ]
    • a
    • Tryb odtwarzania
    • Bez urządzenia pośredniczącego
    • b
    • Kod typu mediów
    • n
    • 2
    • Źródło (terminu i kodu)
    • rdamedia
338 -Typ/rodzaj nośnika [ , ]
    • a
    • Hasło opisujące typ nośnika
    • Wolumin
    • b
    • Kod typu nośnika
    • nc
    • 2
    • Źródło (terminu i kodu)
    • rdacarrier
500 -Uwaga ogólna [ , ]
    • a
    • Uwaga ogólna (NP)
    • Tyt. oryg. : The Ultimate Mixed Martial Arts training guide.
650 -Hasło przedmiotowe [ ,7]
    • a
    • Hasło przedmiotowe
    • Sporty walki
    • x
    • Określnik rzeczowy
    • trening.
    • 2
    • Źródło terminu
    • kaba
    • 9
    • KHW
    • 457396
650 -Hasło przedmiotowe [ ,7]
    • a
    • Hasło przedmiotowe
    • Sporty walki
    • v
    • Określnik formalny
    • poradniki.
    • 2
    • Źródło terminu
    • kaba
    • 9
    • KHW
    • 457397
650 -Hasło przedmiotowe [ ,7]
    • a
    • Hasło przedmiotowe
    • Sporty walki
    • x
    • Określnik rzeczowy
    • studia i nauczanie.
    • 2
    • Źródło terminu
    • kaba
    • 9
    • KHW
    • 457398
700 -Hasło dodatkowe - nazwa osobowa [1, ]
    • a
    • Nazwa osobowa (NP)
    • Seibert, Chad. Find
    • 9
    • KHW
    • 457343
700 -Hasło dodatkowe - nazwa osobowa [1, ]
    • a
    • Nazwa osobowa (NP)
    • Skawran, Katarzyna. Find
    • e
    • Określenie rodzaju współpracy
    • Tł.
    • 9
    • KHW
    • 437908
700 -Hasło dodatkowe - nazwa osobowa [1, ]
    • a
    • Nazwa osobowa (NP)
    • Łosak, Jacek. Find
    • e
    • Określenie rodzaju współpracy
    • Wstęp
    • 9
    • KHW
    • 457344
710 -Hasło dodatkowe - nazwa ciała zbiorowego [2, ]
    • a
    • Nazwa ciała zbiorowego lub nazwa geograficzna jako pierwszy element (NP)
    • Wydawnictwo RM.
    • 4
    • Kod relacji
    • pbl
    • 9
    • KHW
    • 65189
920 -ISBN [ , ]
    • a
    • ISBN
    • 978-83-7773-704-0 Find
Sygnatura Status udost. Numer inwentarzowy Data inwentaryzacji Lokalizacja
 1Z.1232982018-12-10BG
 -3WM.228062018-12-10BG
 -3WM.228072018-12-10BG
Sporty walki 281WF.102032018-06-11BM